000 02492aam a2200361 i 4500
001 768714001
003 CO-MdFUSB
005 20240416165425.0
007 cr aa uaaaa
008 240416t1995 sp |||| |||| 00| 0 spa d
020 _a9788482677224
_q[electrónico]
040 _cCO-MdFUSB
041 0 _aspa
082 0 4 _a227
100 _aBarclay, William,
_eautor
245 1 3 _aJuan II
_c/ William Barclay
_h[electrónico]
264 1 _bClie,
_aBarcelona, España :
_c[1995]
264 4 _c©1995
300 _a100 páginas
336 _2rdacontent
_atexto
_btxt
337 _2rdamedia
_ainformático
_bc
338 _2rdacarrier
_aremoto
_bcr
490 _aComentario al Nuevo Testamento,
505 _a• Miseria y misericordia (7:53 - 8:11). -- La luz que no reconocieron (8:12-20). -- Fatal incomprensión (8:12-30). -- El verdadero discipulado (8:31-32). -- Libertad y esclavitud (8:33-36). -- La auténtica filiación (8:37-41). -- Hijos del diablo (8:41-45). -- Terrible acusación y fe resplandeciente (8:46-50). -- La vida y la gloria (8:51-55). -- La prerrogativa suprema (8:56-59). -- Luz para los ojos ciegos (9:1-5). -- El método de un milagro (9:6-12). -- Prejuicio y convicción (9:13-16). -- El desafío a los fariseos (9:17-34). -- Revelación y condenación (9:35-41). -- Más y más grande (9). -- El pastor y sus ovejas (10:1-6). -- La puerta de la vida (10:7-10)
506 _aSolicitar clave y usuario para acceder al libro electrónico.
520 _aWilliam Barclay fue pastor de la Iglesia de Escocia y profesor de N.T. en la Universidad de Glasgow. Es conocido y apreciado internacionalmente como maestro en el arte de la exposición bíblica. Entre sus más de sesenta obras la que ha alcanzado mayor difusión y reconocimiento en muchos países y lenguas es, sin duda, el Comentario al Nuevo Testamento, que presentamos en esta nueva edición española actualizada. Los 17 volúmenes que componen este comentario han sido libro de texto obligado para los estudiantes de la mayoría de seminarios en numerosos países durante años.
630 0 7 _aBiblia.
_pJuan
_xCrítica, interpretación, etc.
856 _b1681849
_uhttps://web.p.ebscohost.com/ehost/detail/detail?vid=26&sid=f515e641-face-4d34-a4fc-915c33aac769%40redis&bdata=Jmxhbmc9ZXMmc2l0ZT1laG9zdC1saXZl#db=nlebk&AN=1681849
_zAbrir Versión electrónica del libro AQUÍ
942 _cEBK
945 _aJTF-925
999 _c69338
_d69338